Quizzes
Events
Quiz Creation
Community
Videos
Private Events
Remove Ads
Sign In
Join for FREE
Feedback
Dark Mode
Quiz Categories
Sports
Geography
Music
Movies
Television
Just For Fun
Miscellaneous
History
Literature
Language
Science
Gaming
Entertainment
Religion
Holiday
For Kids
Quiz Lab
Recent
Popular Today
Quiz Kudos Today
Editor Picks
Curator Picks
Quizzes by...
Day
Popularity
Type
Ratings
Length
Year
Community
Subscriptions
Recent Discussions
Orange Saloon
Badges
Playlists
Quests
Create
Leaderboards
Showdown
Live 5
Trivia Bingo
Activity
Puzzle Library
Sporcle Events
Private Events
Virtual Trivia
Globe League
Become a Host
Pub Owners
SporcleCon
Opinionation
Our Games
Videos
Blog
Mobile Apps
Partnerships
Remove Ads and Go Orange
Feedback
Geography
Country
Landmarks
City
State
Population
World
Capital
Continent
Flags
Europe
Africa
Asia
South America
North America
Oceania
Border
Canada
United Kingdom
Topography
United States
Geography
Country
Landmarks
City
State
Population
World
Capital
Continent
Flags
Europe
Africa
Asia
South America
North America
Oceania
Border
Canada
United Kingdom
Topography
United States
Random Quiz
Search Sporcle
×
Quiz Lab
Quiz Lab
Geography
Asia
Click on regions of an image
Click on regions of an image
Picture Click
Best Score? Go Orange.
Country Click: Asia Stats
Can you find these Asian countries on a map?
By
konoble14
10m
44 Questions
11.2K Plays
11,186 Plays
11,186 Plays
Comments
Comments
Give Quiz Kudos
Give Quiz Kudos
-
- Ratings
hide this ad
More Info
Forced Order
Answers have to be entered in order
Answers have to be entered in order
Replay
Link that replays current quiz
Next Quiz
Link to next quiz in quiz playlist
You Got
0%
They Got
Avg Score
62%
Avg Friend Score
Upgrade to see
Score Distribution
Jump to the score distribution portion of the page
Score
0/44
Timer
10:00
0
Plays Today
% Correct
Russia
81%
China
79.8%
India
78.4%
Japan
76.8%
South Korea
76.3%
North Korea
75.3%
Turkey
74.2%
Mongolia
73.9%
Saudi Arabia
72.6%
Philippines
71.9%
Iran
70.7%
Indonesia
69.9%
Kazakhstan
67.6%
Vietnam
67.5%
Pakistan
66.9%
Oman
65.5%
Taiwan
65.4%
Afghanistan
65.4%
Iraq
65.1%
Yemen
64.8%
Sri Lanka
64.6%
Maldives
63.9%
% Correct
Nepal
62.5%
Bangladesh
59.5%
Israel
59.4%
United Arab Emirates
59.1%
Malaysia
58.2%
Myanmar
57.6%
Thailand
57.3%
Uzbekistan
57%
Cambodia
56.6%
Qatar
56.5%
Laos
56.5%
Turkmenistan
56.3%
Syria
55.6%
Bhutan
55.3%
Jordan
55.2%
Kyrgyzstan
55%
Kuwait
50.8%
Tajikistan
49.9%
Lebanon
48.4%
Singapore
43.4%
Timor-Leste
42.8%
Brunei
35.9%
Quiz Playlist
Details
Report
Send in Message
Add To Playlist
More Info:
Palestine, Azerbaijan, Armenia, Bahrain and Georgia are not on this quiz.
Picture Click:
Click on regions of an image
Forced Order:
Answers have to be entered in order
Last Updated: Jun 26, 2017
Quiz Scoreboard
CHALLENGE
Sign Up to Join the Scoreboard
Show All
Scores
Hide
Comments
May contain spoilers
Recently Published
Movies - When Are They Set?
by FPL_Elf
Movies
5m
Popular People in 1961
by mucciniale
History
6m
1-10 Letter E Words III
by El_Dandy
Language
2m
More to Explore
Quiz From the Vault
Featured Blog Post
Where Did the Easter Bunny Come From?
hide this ad
You Might Also Like...
Tags
Asia Quiz
map
Picture Click
Today's Top Quizzes in Geography
Browse Geography
hide this ad
Today's Top Quizzes in Asia
Browse Asia
Top Contributed Quizzes in Geography
1
Countries of the World - No Outlines Minefield
2
Top 25 Cities of France on a map
3
Closest Countries to UK A-Z
4
One Thing in Common: United Kingdom
5
Blind Secret Country CLXXXVIII
6
Blind Ultimate Minefield: USA
7
African Flag Reveal XLV
8
Find the US States - No Outlines
9
One Thing in Common: Asia
10
Find the Provinces of Canada - No Outlines Minefield
Explore More
Trending Topics
NBA
Disney
Crossword
Harry Potter
Marvel
Kpop
Anime
Puzzle
Song
Country
Pokémon
NFL
Soccer
The Office
WWE
hide this ad
More By:
konoble14
Quiz
Plays
Rating
Category
Featured
Created
Country Click: Asia
11,186
2.63
Geography
Jan 21, 2016
Guess the Lyrics: Rock
255
3.00
Music
Jan 19, 2016
Goodest Countries in the World
39
1.67
Geography
Jan 21, 2016
Go to Creator's Profile
Score Distribution
Quiz Creator Spotlight
konoble14
Follow
Send a Message
Quizzes Created
-
Created Quiz Play Count
-
More By This Creator
Popular Quizzes Today
1
Find the Countries of Europe - No Outlines Minefield
2
Find the US States - No Outlines Minefield
3
The Countries of the World
4
Popular People in 1961
5
1-10 Letter E Words III
6
US States
7
Find the US States
8
One Thing in Common: World Cities II
More Geography Quizzes
European Geography Bunker II
Published
Trending Quizzes
Risky Map Clicking: Least Populous States A-Z
Humor Books: The Subtitles
1-10 Letter F Words
1-10 Letter G Words
One Thing in Common: United Kingdom
Recently Updated
Leaping Animals
pecheneg
Reality TV Shows (A-Z)
bhenderson79
Rickey Henderson's Hall of Fame Teammates
pecheneg
Champions League XIs: Arsenal
pecheneg
Quick Pick: Celebrities in WWE's Hall of Fame
aduchscher
A-Z Keypad Blitz II
pecheneg
Multiple Oscar Actors
pecheneg
Mystery Phrase Blitz: Oscar 'Best Actors'
pecheneg
F. Scott Fitzgerald Novels
LTH
Pick 3 Villains
ddd62291
Trending Topics
Kpop
Disney
Anime
Marvel
Crossword
Harry Potter
NBA
Pokémon
The Office
WWE
Song
Country
NFL
Soccer
Puzzle
Your Account Isn't Verified!
In order to create a playlist on Sporcle, you need to verify the email address you used during registration. Go to your
Sporcle Settings
to finish the process.
Report this User
Report this user for behavior that violates our
Community Guidelines
.
Details:
Send Report
Go to the Sporcle.com Mobile Site →
Comments